01844nam a2200349 a 4500001001000000005001700010008004100027041000800068044000800076084002000084100005000104245011000154260004900264300001700313500015500330500027100485500016300756500001000919546002400929650005700953650006101010650003901071650005001110700005501160700003901215700004201254740005001296902000801346942001101354999001501365952011401380BRCA_322020190320204153.0040309s1771----enk#---###---#000-0#eng-# aeng aenk a521b.F68c17711 aCervantes Saavedra, Miguel ded1547-1616921310aThe History of the Renowned Don Quixote de la ManchacWritten in Spanish by Miguel de Cervantes Saavedra. aGlasgow (Inglaterra)bR. and A. Foulisc1771 a4 v.c16 cm. aContenido : v.1. Primera parte. Noticia sobre Cervantes. Prólogo del autor. -- v.2. Texto. -- v.3. Segunda parte. Prólogo del autor. -- v.4. Texto aEdición : Translated by Several Hands and Published by the Late Mr. Motteux. Revised a new from the Best Spanish Edition by Mr. Ozell, who has Likewise added Explanatory Notes from Jervas, Oudin, Sobrino, Pineda, Gregorio and the Royal Academi Dictionary of Madrid aEdición conforme a la de Londres, publicada en 1749, impresa por Innys y Co., pero sin láminas. Piel; Lomos decorados con filetes dorados Lúdovik Osterc aQM418 aTexto en : inglés14aNovela españolayÉpoca clásica, 1500-1700921514aLiteratura españolayÉpoca clásica, 1500-1700921614aNovela españolaySiglo XVII921714aDon Quijote (Personaje ficticio)eNovela92181 aMotteux, Peter Anthonyd1663-1718eTraductor986041 aOzel, Johnd?-1743eAnotador986051 aOudin, Cesard?-1625eTraductor982880 aEl Ingenioso Hidalgo Don Quijote de la Mancha aQFM 2lcccB c2956d2956 00104070aBRCAbBRCAd2009-03-04iQM418l0o521 .F68 1771 (QM418)p3217r2019-03-22 00:00:00w2019-03-22yB